Music Quiz

Random Music or Clickable Quiz

Even More Similar Song Titles Quiz Stats

 Plays Quiz Updated Jun 13, 2017

Support Sporcle.
Go Orange.
Score 0/40 Timer 08:00
0 Plays Today
% Correct
Girl
91.3%
Funk
90.9%
Born
89.4%
Candle
87.4%
Shack
85.7%
Party
83.3%
Story
80.6%
Lose
79.4%
Dance
78.8%
Good
78.2%
Glory
76.4%
Dust
74.5%
Tainted
74%
Love
72.3%
Rabbit
71%
Fine
70.8%
Crazy
70.4%
Flag
68.2%
Lies
67.9%
Go
67.5%
% Correct
Diana
66.8%
Laundry
64.1%
Bleeding
59.7%
Seventeen
58.4%
Runaway
57.8%
Bad
56.9%
Room
56.6%
Sweet
56.3%
Express
56.1%
Higher
55.6%
Pain
53.2%
Back
51.1%
Respect
51.1%
Young
48.7%
Morning
48%
Talks
46.6%
Anything
42.4%
Peace
40%
High
38.4%
Cold
34.7%

You're not logged in!

Compare scores with friends on all Sporcle quizzes.
OR
Log In
Forgot?

From the Vault

NFL Super Bowl Losing QBs

by bbf2

After the game my son said, 'I am glad the Saints won, but I feel bad for the blue quarterback'...whatever his name is.
Remove Ads.
Support Sporcle.
Get the best of Sporcle when you Go Orange. This ad-free experience offers more features, more stats, and more fun while also helping to support Sporcle. Thank you for becoming a member.

Show Comments

Extras

Top Quizzes Today


Score Distribution

Your Account Isn't Verified!

In order to create a playlist on Sporcle, you need to verify the email address you used during registration. Go to your Sporcle Settings to finish the process.

Report this User

Report this user for behavior that violates our Community Guidelines.

Details: